000 00573nam a2200241Ia 4500
003 OSt
005 20220928151338.0
006 a|||||r|||| 00| 0
007 ta
008 220927b |||||||| |||| 00| 0 eng d
024 _a123424
037 _cTextual
040 _aSDCL
_cSDCL
_beng
041 _2eng
_aeng
082 _aB26, K5
100 _aBirkhoff
_9517061
245 0 _aSurvey of modern algebra
250 _a3
260 _c1965
700 _a Mac Lane
_9517062
942 _hB26, K5
_cTEXL
_2CC
999 _c851127
_d851127